Investigación sociológica y vida rural en América Central, México y la Región del Caribe: Actas del Seminario organizado por la Unesco en cooperación con la Comisión Económica de las Naciones Unidas para América Latina (México D.F., 17-27 de octubre de 1962)
Salvato in:
| Autore principale: | |
|---|---|
| Natura: | Sconosciuto |
| Lingua: | Spanish |
| Pubblicazione: |
México :
Pendiente de Captura]
|
| Soggetti: | |
| Tags: |
Aggiungi Tag
Nessun Tag, puoi essere il primo ad aggiungerne!!
|
MARC
| LEADER | 00000 a2200000 04500 | ||
|---|---|---|---|
| 001 | 45027 | ||
| 003 | |||
| 008 | 050519s1966 mx spa d | ||
| 040 | |||
| 020 | |a [Sin ISBN] | ||
| 090 | |a 0002 V982i | ||
| 100 | |a Vries,Egbert de, editor | ||
| 245 | |a Investigación sociológica y vida rural en América Central, México y la Región del Caribe: |b Actas del Seminario organizado por la Unesco en cooperación con la Comisión Económica de las Naciones Unidas para América Latina (México D.F., 17-27 de octubre de 1962) | ||
| 260 | |a México : |b Pendiente de Captura] | ||
| 300 | |a 269 páginas | ||
| 650 | |a SOCIOLOGIA | ||
| 650 | |a INVESTIGACION | ||
| 650 | |a ASPECTOS SOCIALES | ||
| 650 | |a ASPECTOS ECONOMICOS | ||
| 650 | |a TENENCIA DE LA TIERRA | ||
| 650 | |a MANO DE OBRA | ||
| 650 | |a AGRICULTURA | ||
| 650 | |a DESARROLLO | ||
| 650 | |a PRODUCTIVIDAD | ||
| 650 | |a TRADICIONES Y COSTUMBRES, CULTURA | ||
| 650 | |a COMUNICACION | ||
| 650 | |a POBLACION | ||
| 650 | |a PARTICIPACION DE LA COMUNIDAD | ||
| 650 | |a COMUNIDADES RURALES | ||
| 650 | |a POBLACION INDIGENA | ||
| 650 | |a CIENCIAS SOCIALES | ||
| 650 | |a EDUCACION | ||
| 650 | |a INVESTIGACION SOCIAL | ||
| 650 | |a DESARROLLO RURAL | ||
| 650 | |a DESARROLLO DE LA COMUNIDAD | ||
| 650 | |a ALFABETIZACION | ||
| 650 | |a EDUCACION DE ADULTOS | ||
| 650 | |a SALUD | ||
| 650 | |a ZONAS RURALES | ||
| 999 | |c 15972 |d 15972 | ||
